000 00281nam a2200121Ia 4500
005 20251222152035.0
008 251222s9999||||xx |||||||||||||| ||spa||
082 _a512.943.4/S11
100 _aSaal Riqueros, César
245 0 _aMatrices
264 _bEditores Gomez
942 _cLIB
999 _c25813
_d25813